Cost-benefit analysis / (Record no. 633)

MARC details
000 -LEADER
fixed length control field 00718nam a22002297a 4500
008 - FIXED-LENGTH DATA ELEMENTS--GENERAL INFORMATION
fixed length control field 120229t xxu||||| |||| 00| 0 eng d
020 ## - INTERNATIONAL STANDARD BOOK NUMBER
International Standard Book Number 0131435833
050 ## - LIBRARY OF CONGRESS CALL NUMBER
Classification number HD 47.4.C669
100 ## - MAIN ENTRY--PERSONAL NAME
Personal name Boardman, Anthony E.
245 ## - TITLE STATEMENT
Title Cost-benefit analysis /
Statement of responsibility, etc. Anthony E. Boardman,
250 ## - EDITION STATEMENT
Edition statement 3rd.
260 ## - PUBLICATION, DISTRIBUTION, ETC.
Place of publication, distribution, etc. New Jersey:
Name of publisher, distributor, etc. Practice Hall,
Date of publication, distribution, etc. 2006.
300 ## - PHYSICAL DESCRIPTION
Extent xv, 560 p.:
Other physical details ill
Dimensions 24cm.
500 ## - GENERAL NOTE
General note Includes index.
505 ## - FORMATTED CONTENTS NOTE
Formatted contents note Contents : Overview -- Fundamentals of CBA -- Valuation of impacts -- Related methods and accuracy.
650 ## - SUBJECT ADDED ENTRY--TOPICAL TERM
Topical term or geographic name entry element Cost effectiveness
700 ## - ADDED ENTRY--PERSONAL NAME
Personal name Boardman, Anthony E.
700 ## - ADDED ENTRY--PERSONAL NAME
Personal name Greenberg David H.
700 ## - ADDED ENTRY--PERSONAL NAME
Personal name Vining Aidan R.
700 ## - ADDED ENTRY--PERSONAL NAME
Personal name Weimer David L.
942 ## - ADDED ENTRY ELEMENTS (KOHA)
Source of classification or shelving scheme Library of Congress Classification
Koha item type Books
Holdings
Withdrawn status Lost status Source of classification or shelving scheme Damaged status Not for loan Home library Current library Shelving location Date acquired Total Checkouts Full call number Barcode Date last seen Copy number Price effective from Koha item type
    Library of Congress Classification     WISCONSIN INTERNATIONAL UNIVERSITY COLLEGE, GHANA - MAIN LIBRARY WISCONSIN INTERNATIONAL UNIVERSITY COLLEGE, GHANA - MAIN LIBRARY General Stacks 29/02/2012   HD 47.4.C669 1457/12 29/02/2012 1 29/02/2012 Books
    Library of Congress Classification     WISCONSIN INTERNATIONAL UNIVERSITY COLLEGE, GHANA - MAIN LIBRARY WISCONSIN INTERNATIONAL UNIVERSITY COLLEGE, GHANA - MAIN LIBRARY General Stacks 29/02/2012   HD 47.4.C6691 1458/12 29/02/2012 2 29/02/2012 Books
    Library of Congress Classification     WISCONSIN INTERNATIONAL UNIVERSITY COLLEGE, GHANA - MAIN LIBRARY WISCONSIN INTERNATIONAL UNIVERSITY COLLEGE, GHANA - MAIN LIBRARY General Stacks 29/02/2012   HD 47.4.C6692 1459/12 29/02/2012 3 29/02/2012 Books

If you have any concerns or questions; kindly contact the library


© Powered by WIUC ICT DIRECTORATE